K OTÁZKAM SPÄTNEJ VÄZBY VO VYUČOVACOM PROCESE NA KATEDRE PEDAGOGIKY A PSYCHOLÓGIE SPU V NITRE

Bibliographic Details
Main Authors: Černáková, Eleonóra, 1954- (Author), Balážiová, Janka (Author)
Format: Article
Language:Slovak
ISBN:8071376604

MARC

LEADER 00000naa a2200000uu 4500
001 vtls010953016
003 SK-MaSNL
005 20260302123823.0
008 210910|1999 xo |||||||||||||||||slo|
015 |a SNBRA 
035 |a (urnnbn)urn:nbn:sk:snk:ar-a0bl9w 
035 |a (uuid)14a453fa-581f-4538-9705-12375f1d627e 
035 |a urn:nbn:sk:snk-aauda4 
040 |a SNKBUCL  |b slo  |c SNKBUCL  |e AACR2 
041 0 |a slo 
044 |a xo  |c SK 
100 1 |a Černáková, Eleonóra,  |d 1954-  |4 aut  |9 191694 
245 1 0 |a K OTÁZKAM SPÄTNEJ VÄZBY VO VYUČOVACOM PROCESE NA KATEDRE PEDAGOGIKY A PSYCHOLÓGIE SPU V NITRE  |c Eleonóra Černáková, Janka Balážiová 
246 3 |a ON THE QUESTIONS OF FEEDBACK IN THE TEACHING PROCESS AT THE DEPARTMENT OF PEDAGOGICS AND PSYCHOLOGY OF THE SAU IN NITRA 
700 1 |a Balážiová, Janka  |4 aut  |9 792710 
773 0 |t Medzinárodné vedecké dni '99  |d V Nitre : Slovenská poľnohospodárska univerzita, 1999, 1999  |g S. 73-77  |z 8071376604 
958 |a OND 
958 |a article11 
958 |a chapter 
999 |c 1284683  |d 1286613